Word Ladder: Aren't You Fancy Quiz Stats

Quiz Updated Nov 26, 2014

Challenge
Share
Tweet
Embed
Score 0/27 Timer 02:00
1 Play Today
Clue 3-Letter Word % Correct
✯ Opposite of bottom ✯🎩 TOP ರೃ
99.4%
Very, very warmHOT
99%
Precedes skip and a jumpHOP
97.4%
✯ Fedora or Bowler ✯🎩 HAT ರೃ
96.9%
Insect that forms coloniesANT
95.3%
Grain popular at breakfastOAT
87.7%
✯ To be in debt to someone ✯🎩 OWE ರೃ
85.4%
Wise birdOWL
85.2%
Help, reliefAID
84.7%
✯ As well as, together with ✯🎩 AND ರೃ
84.3%
Fossil fuelOIL
82.3%
Most populous Canadian province (abbr)ONT
81.5%
To focus on a targetAIM
77.3%
The outer lip of a cup, bowl, etcRIM
75.4%
Clue 3-Letter Word % Correct
To trouble, afflict (as in health)AIL
73.1%
Aries animalRAM
71.6%
✯ Suburban dead end: ___-de-sac ✯🎩 CUL ರೃ
71.6%
Simpsons bartenderMOE
70.6%
✯ Jamaican slang for dude, guy ✯🎩 MON ರೃ
70.4%
Candied vegetableYAM
69.4%
Tasty exclamationYUM
68.4%
Swanson or BurgundyRON
67.6%
To make something go awayRID
66.8%
Brynner of The King and IYUL
63.5%
Grief, sufferingWOE
59.1%
Vince McMahon's 'Raw' co. (acronym)WWE
58.9%
Inanimate, sometimes carbon entityROD
54.4%

Today's Daily Dose

Missing Word
Law Misconceptions

Word Ladder
Easy Math

On This Day
January 20th

You're not logged in!

Compare scores with friends on all Sporcle quizzes.
Sign Up with Email
OR
Log In

You Might Also Like...

Show Comments

Extras

Top Quizzes Today


Score Distribution

Your Account Isn't Verified!

In order to create a playlist on Sporcle, you need to verify the email address you used during registration. Go to your Sporcle Settings to finish the process.